header

Coach fellas (Record no. 86247)

MARC details
000 -LEADER
fixed length control field 01610nam a22004214a 4500
082 04 - DEWEY DECIMAL CLASSIFICATION NUMBER
Classification number 338.4/791417
100 1# - MAIN ENTRY--AUTHOR NAME
Personal name Costa, Kelli Ann.
245 10 - TITLE STATEMENT
Title Coach fellas
260 ## - PUBLICATION, DISTRIBUTION, ETC. (IMPRINT)
Place of publication Walnut Creek, CA :
Name of publisher Left Coast Press,
Year of publication c2009.
300 ## - PHYSICAL DESCRIPTION
Number of Pages 255 p. :
Other physical details ill.
490 1# - SERIES STATEMENT
Series statement Heritage, tourism, and community
650 #0 - SUBJECT ADDED ENTRY--TOPICAL TERM
Topical Term Tourism
Topical Term Tourism
Topical Term Tourists
856 40 - ELECTRONIC LOCATION AND ACCESS
Uniform Resource Identifier http://site.ebrary.com/lib/rucke/Doc?id=10415995

No items available.

© 2026 Rongo University
Contact us: librarian | system librarian | Rongo university